000 01199nam a2200277 a 4500
003 OSt
005 20230904084258.0
007 cr ||||||a|c|a
008 230824s2023 mx a|||fom||| 001 0 spa d
040 _erda
100 1 _9187749
_aReyes Bello, María del Refugio
245 1 3 _aEl uso del cáñamo en diferentes áreas industriales y los beneficios a la economía de México /
_cpor María del Refugio Reyes Bello ; director de tesis María Alejandra Hinojosa Rodríguez.
264 1 _aChapingo, México :
_bEl autor,
_c2023.
300 _a1 recurso en línea (79 páginas):
336 _2rdacontent
_atexto
_btxt
337 _2rdamedia
_acomputadora
_bc
338 _2rdacarrier
_arecurso en línea
_bcr
502 _bLCI
_cDICEA
_d2023.
_gLIC
504 _aIncluye referencias bibliográficas: páginas 76-78.
650 4 _9187750
_aCáñamo
_xAprovechamiento
650 4 _940694
_aFibras
_xAspectos económicos
650 7 _940700
_aFibras textiles
700 0 _955528
_aHinojosa Rodríguez, María Alejandra
_eDirector de tesis.
856 _uhttp://10.13.5.2/tesis/tl/1712213-9_Reyes_Bello_Maria_del_Refugio.pdf
_zDESCARGAR PDF
942 _2Clasificación Universidad Autónoma Chapingo
_cTD
999 _c219101
_d219101